Cities Larger Than Their Country's Capital - Statistics

General Stats
  • This quiz has been taken 550 times
  • The average score is 35 of 72
Answer Stats
Country Cities Capital % Correct
Australia Sydney Canberra
98%
Brazil Rio de Janeiro Brasilia
97%
United States New York City Washington, D.C.
94%
Australia Perth Canberra
93%
China Shanghai Beijing
93%
United States Los Angeles Washington, D.C.
92%
Australia Melbourne Canberra
92%
Canada Toronto Ottawa
92%
India Mumbai New Delhi
90%
Brazil São Paulo Brasilia
90%
New Zealand Auckland Wellington
88%
United States Chicago Washington, D.C.
88%
Canada Vancouver Ottawa
88%
Nigeria Lagos Abuja
87%
Canada Montreal Ottawa
87%
United Arab Emirates Dubai Abu Dhabi
86%
Vietnam Ho Chi Minh City Hanoi
86%
South Africa Johannesburg Cape Town, Pretoria or Bloemfontin
86%
Turkey Istanbul Ankara
84%
Switzerland Zurich Bern
84%
Morocco Casablanca Rabat
82%
Australia Adelaide Canberra
81%
Australia Brisbane Canberra
81%
Switzerland Geneva Bern
80%
China Guangzhou Beijing
80%
Pakistan Karachi Islamabad
80%
Tanzania Dar es Salaam Dodoma
79%
Pakistan Lahore Islamabad
73%
Myanmar Yangon Naypyidaw
66%
Belize Belize City Belmopan
63%
Kazakhstan Almaty Astana
62%
Brazil Belo Horizonte Brasilia
61%
Côte d'Ivoire Abidjan Yamoussoukro
54%
Switzerland Basel Bern
52%
Ecuador Guayaquil Quito
50%
Australia Gold Coast Canberra
45%
Nigeria Kano Abuja
45%
Brazil Porto Alegre Brasilia
44%
Benin Cotonou Porto-Novo
38%
Switzerland Lausanne Bern
38%
Cameroon Douala Yaoundé
37%
Bolivia Santa Cruz de la Sierra La Paz or Sucre
36%
Myanmar Mandalay Naypyidaw
34%
Pakistan Hyderabad Islamabad
33%
Nigeria Ibadan Abuja
33%
China Chongqing Beijing
31%
Pakistan Faisalabad Islamabad
29%
Pakistan Rawalpindi Islamabad
28%
Australia Newcastle Canberra
26%
Pakistan Quetta Islamabad
21%
Pakistan Peshawar Islamabad
18%
Palau Koror Ngerulmud
15%
Equatorial Guinea Bata Malabo
14%
Pakistan Multan Islamabad
13%
Bolivia El Alto La Paz or Sucre
11%
Pakistan Gujranwala Islamabad
10%
Tanzania Mwanza Dodoma
9%
San Marino Serravalle San Marino
9%
Tanzania Arusha Dodoma
8%
Micronesia Weno Palikir
7%
Côte d'Ivoire Bouaké Yamoussoukro
6%
Côte d'Ivoire San-Pédro Yamoussoukro
4%
San Marino Borgo Maggiore San Marino
2%
Côte d'Ivoire Daloa Yamoussoukro
2%
Micronesia Kolonia Palikir
2%
Belize San Ignacio Belmopan
2%
Micronesia Tofol Palikir
1%
Palau Angaur Ngerulmud
0%
Palau Kloulklubed Ngerulmud
0%
Palau Mengellang Ngerulmud
0%
Palau Nqchesar Ngerulmud
0%
Palau Ulimang Ngerulmud
0%
No matching quizzes found
Score Distribution
Percent of People with Each Score
Percentile by Number Answered
Your Score History
You have not taken this quiz